| 000 | 02494cam a22003134i 4500 | ||
|---|---|---|---|
| 001 | 114429 | ||
| 005 | 20230410130912.0 | ||
| 008 | 110518t20102010cu a 000 j spa c | ||
| 010 | _a2011448751 | ||
| 016 | 7 |
_a015862287 _2Uk |
|
| 020 | _a9789593040488 | ||
| 020 | _a959304048X | ||
| 035 | _a17129625 | ||
| 035 | _a(OCoLC)ocn730944950 | ||
| 040 |
_aCGU _beng _cCGU _erda _dUKMGB _dNOC _dZCU _dDLC |
||
| 041 | _aspa | ||
| 050 | 1 | 4 |
_aPQ 7392 _bC112s 2010 |
| 082 | 0 | 0 | _a791.43 |
| 100 | 1 |
_aCaballero, Rufo, _d1966-2011. |
|
| 245 | 1 | 0 |
_aSeduciendo a un extraño : _bhistorias de cine vueltas a contar / _cRufo Caballero. |
| 260 |
_aLa Habana, Cuba : _bEdiciones CICAIC, _c2010 |
||
| 300 |
_a240 p. : _bil. ; _c21 cm |
||
| 505 | 0 | _aPalabras del autor -- Mi espectador : intervención sobre Muerte en Venecia, de Thomas Mann y Luchino Visconti -- No lo besaba : intervención sobre Los girasoles ciegos, de José Luis Cuerda -- El pasillo número 3 : una historia de Frutas en el café, de Humberto Padrón, y la estructura de cinco veces dos, de Francois Ozon -- Las fuerzas mayores : Brokeback mountain, de Ang Lee -- Una luz dorada : (páginas del diario de May Welland) : La edad de inocencia, de Martin Scorcese -- La arena en los ojos : El paciente inglés, de Anthony Minghella -- La caseta junto al mar : XXY, de Lucía Puenzo -- No quiero recordar los nombres : Una relación pornográfica, de Frédéric Fonteyne -- Una mujer que ha vivido : Barrio Cuba, de Humberto Solás -- No en Alemania : The reader, de Stephen Daldry -- Idea mía : Whisky, de Juan Pablo Rebella y Pablo Stoll -- Perros de paja : Reservoir dogs, de Quentin Tarantino -- Plumas en el viento : La duda, de John Patrick Shanley -- Estiraría mis lienzos : Historias de New York, primer relato: "Apunte del natural", dirigido por Martin Scorcese -- Los que fueron al bosque de avellanos : Los puentes de Madison County, de Clint Eastwood -- Silicona : Fresa y chocolate, de Tomás Gutiérrez Alea y Juan Carlos Tabío -- Las palabras finales : Farinelli, de Gerard Corbiau -- Seduciendo a un extraño : Aria, relato de Franc Roddam, inspirado en "La muerte de amor", de Richard Wagner -- Epílogo : La caravana del placer : un divertimento en clave de comedia negra (homenaje a Milan Kundera). | |
| 630 |
_aSeduciendo a un extraño (Película cinematográfica) _xHistoria y crítica. |
||
| 650 | 0 | _aCine. | |
| 650 | 4 | _aPrimera Jornada de Catalogacion. | |
| 942 |
_2lcc _cbk |
||
| 946 | _aLM / ih | ||
| 999 |
_c82422 _d82422 |
||